<?xml version="1.0" encoding="UTF-8"?>
<record
    xmlns:xsi="http://www.w3.org/2001/XMLSchema-instance"
    xsi:schemaLocation="http://www.loc.gov/MARC21/slim http://www.loc.gov/standards/marcxml/schema/MARC21slim.xsd"
    xmlns="http://www.loc.gov/MARC21/slim">

  <leader>02046nam a22002898i 4500</leader>
  <controlfield tag="001">99116766245404341</controlfield>
  <controlfield tag="005">20250826140354.0</controlfield>
  <controlfield tag="008">221006s2022    xna           000|0|eng d</controlfield>
  <datafield tag="015" ind1=" " ind2=" ">
    <subfield code="a">GBC2I0607</subfield>
    <subfield code="2">bnb</subfield>
  </datafield>
  <datafield tag="016" ind1="7" ind2=" ">
    <subfield code="a">020772647</subfield>
    <subfield code="2">Uk</subfield>
  </datafield>
  <datafield tag="020" ind1=" " ind2=" ">
    <subfield code="a">9781911668572 (hbk.)</subfield>
    <subfield code="q">UK :</subfield>
    <subfield code="c">&#x110;30.00</subfield>
  </datafield>
  <datafield tag="020" ind1=" " ind2=" ">
    <subfield code="a">9781922351876</subfield>
    <subfield code="q">Australia</subfield>
  </datafield>
  <datafield tag="035" ind1=" " ind2=" ">
    <subfield code="a">(Uk)020772647</subfield>
  </datafield>
  <datafield tag="040" ind1=" " ind2=" ">
    <subfield code="a">StDuBDS</subfield>
    <subfield code="b">eng</subfield>
    <subfield code="c">StDuBDS</subfield>
    <subfield code="e">rda</subfield>
  </datafield>
  <datafield tag="041" ind1=" " ind2=" ">
    <subfield code="a">English</subfield>
  </datafield>
  <datafield tag="100" ind1=" " ind2=" ">
    <subfield code="a">Jackson, Emelia</subfield>
    <subfield code="e">author.</subfield>
    <subfield code="9">25774</subfield>
  </datafield>
  <datafield tag="245" ind1="1" ind2="0">
    <subfield code="a">First, cream the butter and sugar </subfield>
    <subfield code="c">/ Emelia Jackson ; editor: Justine Harding ; photographer: Armelle Habib ; illustrator: Andrea Smith.</subfield>
  </datafield>
  <datafield tag="246" ind1="1" ind2=" ">
    <subfield code="i">At head of title</subfield>
    <subfield code="a">: Essential baking companion</subfield>
  </datafield>
  <datafield tag="264" ind1=" " ind2="1">
    <subfield code="a">Sydney :</subfield>
    <subfield code="b">Murdoch Books,</subfield>
    <subfield code="c">2022.</subfield>
  </datafield>
  <datafield tag="300" ind1=" " ind2=" ">
    <subfield code="a">1 volume ;</subfield>
    <subfield code="c">26 cm</subfield>
  </datafield>
  <datafield tag="520" ind1=" " ind2=" ">
    <subfield code="a">Make baking your happy place. It's not so much a science; it's practice plus play, which becomes instinct and then art. And even the failures are delicious.

Welcome to First, Cream the Butter and Sugar - the ultimate guide for everyone who loves cake. Whether you're here for the only choc chip cookie recipe you'll ever need, or you're setting your sights on conquering an opera cake, a raspberry passionfruit tart or becoming a choux-master, Emelia Jackson has done the homework on behalf of us all.

For those who love a good homemade cake but don't love sifting flour and icing sugar (is it really necessary?) and enjoy a shortcut (do I need to wait hours for my eggs to reach room temp?), Emelia breaks down the steps that truly matter and dispenses with those that don't. Packed with advice for every level of home baker, this is the modern baking reassurance you need, whether it's the night before the birthday party or just a Sunday afternoon for baking something sweet to get you through the week.</subfield>
  </datafield>
  <datafield tag="650" ind1=" " ind2="0">
    <subfield code="a">Baking</subfield>
    <subfield code="9">25760</subfield>
  </datafield>
  <datafield tag="700" ind1=" " ind2=" ">
    <subfield code="a">Harding, Justine,</subfield>
    <subfield code="e">editor.</subfield>
    <subfield code="9">25775</subfield>
  </datafield>
  <datafield tag="700" ind1=" " ind2=" ">
    <subfield code="a">Habib, Armelle,</subfield>
    <subfield code="e">photographer.</subfield>
    <subfield code="1">https://isni.org/isni/0000000504846123</subfield>
    <subfield code="9">25776</subfield>
  </datafield>
  <datafield tag="700" ind1=" " ind2=" ">
    <subfield code="a">Smith, Andrea</subfield>
    <subfield code="c">(Illustrator),</subfield>
    <subfield code="e">illustrator.</subfield>
  </datafield>
  <datafield tag="942" ind1=" " ind2=" ">
    <subfield code="2">lcc</subfield>
  </datafield>
  <datafield tag="952" ind1=" " ind2=" ">
    <subfield code="0">0</subfield>
    <subfield code="1">0</subfield>
    <subfield code="2">ddc</subfield>
    <subfield code="4">0</subfield>
    <subfield code="7">0</subfield>
    <subfield code="a">TBS</subfield>
    <subfield code="b">TBS</subfield>
    <subfield code="d">2025-08-26</subfield>
    <subfield code="l">0</subfield>
    <subfield code="o">TX765 JAC</subfield>
    <subfield code="r">2025-08-26</subfield>
    <subfield code="t">1</subfield>
    <subfield code="w">2025-08-26</subfield>
    <subfield code="y">1</subfield>
    <subfield code="z">SOON AVAILABLE</subfield>
  </datafield>
  <datafield tag="999" ind1=" " ind2=" ">
    <subfield code="c">4870</subfield>
    <subfield code="d">4870</subfield>
  </datafield>
</record>
